000 00435pab a2200169 454500
008 180718b2006 xxu||||| |||| 00| 0 eng d
100 _aLemieux, Thomes
245 _aPost-secondary education and increasing wage inequality
260 _c2006
300 _ap.195-99.
362 _aMay
650 _aWages
650 _aSecondary education
650 _aIncome distribution
773 _aAmerican Economic Review
909 _a69985
999 _c69985
_d69985